Southville International School and Colleges
Your cart is empty.
  • Cart
  • Lists
    Public lists list_1 View all
    Your lists Log in to create your own lists
  • Log in to your account
  • Your cookies
  • Search history
Southville International School and Colleges
  • Advanced search
  • Recent comments
  • Most popular
  • Libraries

Log in to your account

Log in with GOOGLE


If you do not have an external account, but do have a local account, you can still log in:

  1. Home
  2. MARC view: Cracks a yolk :
Normal view MARC view ISBD view

Cracks a yolk : (Record no. 109687)

[ view plain ]
MARC details
000 -LEADER
fixed length control field 00375nam a2200145 a 4500
005 - DATE AND TIME OF LATEST TRANSACTION
control field 20140414093847.0
008 - FIXED-LENGTH DATA ELEMENTS--GENERAL INFORMATION
fixed length control field 110107s19uu xx 00 eng d
050 ## - LIBRARY OF CONGRESS CALL NUMBER
Classification number VCD 500
Item number CRA 2009
100 ## - MAIN ENTRY--PERSONAL NAME
Personal name Scholastic
245 ## - TITLE STATEMENT
Title Cracks a yolk :
Remainder of title Topic - eggs /
Statement of responsibility, etc Scholastic.
260 ## - PUBLICATION, DISTRIBUTION, ETC. (IMPRINT)
Place of publication, distribution, etc New York :
Name of publisher, distributor, etc Scholastic,
Date of publication, distribution, etc 2009.
650 ## - SUBJECT ADDED ENTRY--TOPICAL TERM
Topical term or geographic name as entry element Science
942 ## - ADDED ENTRY ELEMENTS (KOHA)
Koha item type Audio Visual Materials
Holdings
Withdrawn status Lost status Damaged status Home library Current library Shelving location Date acquired Source of acquisition Cost, normal purchase price Total Checkouts Full call number Barcode Date last seen Date checked out Price effective from Koha item type
      Luxembourg Library Luxembourg Library Audio Visual Material Section 01/07/2011   125.00 1 VCD 500 CRA 2009 AV1355 06/16/2015 05/22/2015 04/14/2014 Audio Visual Materials

Cracks a yolk :

APA

Scholastic, . (2009). Cracks a yolk. New York: Scholastic.

Chicago

Scholastic, . 2009. Cracks a yolk. New York: Scholastic.

Harvard

Scholastic, . (2009). Cracks a yolk. New York: Scholastic.

MLA

Scholastic, . Cracks a yolk. New York: Scholastic. 2009.

  • Place hold
  • Print
  • Cite
  • Add to your cart (remove)
  • Save record
    BIBTEX Dublin Core MARCXML MARC (non-Unicode/MARC-8) MARC (Unicode/UTF-8) MARC (Unicode/UTF-8, Standard) MODS (XML) RIS
  • More searches
    Search for this title in:
    Other Libraries (WorldCat) Other Databases (Google Scholar) Online Stores (Bookfinder.com) Open Library (openlibrary.org)

Exporting to Dublin Core...

SOUTHVILLE LIBRARY

Southville International School and Colleges Library

1281 Tropical Ave. Cor. Luxembourg St., BF Homes International, Las Pinas City

Tel. No. 8256374 / 252358 Loc. 117/146

Powered by Koha